Statistics for States from which the Most Presidents Came

Click here to take the quiz!

General Stats

  • This quiz has been taken 388 times
    (254 since last reset)
  • The average score is 7 of 10

Answer Stats

Answer% Correct
New York
93%
Virginia
91%
Texas
91%
California
88%
Ohio
80%
Massachusetts
76%
Illinois
76%
North Carolina
41%
Tennessee
38%
Vermont
37%

Score Distribution

Percentile by Number Answered

Percent of People with Each Score

Your Score History

You have not taken this quiz since the last reset